000 00611nam a2200229Ia 4500
003 OSt
005 20221002055037.0
006 a|||||r|||| 00| 0
007 ta
008 220930b |||||||| |||| 00| 0 urd d
024 _a71634
037 _cReference Collections
040 _aCRL
_cCRL
_burd
041 _2urd
_aurd
082 _aQ7w44Q7,N, 168N6(RR)
100 _aBaqa Mohammad Mazhar Au.
_9576662
245 0 _aKuch yadein
260 _c1996
650 _aISLAM
942 _hQ7w44Q7,N, 168N6(RR)
_cref
_2CC
999 _c926565
_d926565